Most Spoken Languages in the USA Quiz Stats

 Plays Quiz Updated Nov 21, 2016

Score 0/30 Timer 10:00
6 Plays Today
Percentage of Americans Language % Correct
79%English
99.9%
13%Spanish
99.5%
0.71%French
97.7%
0.98%Chinese
96.2%
0.37%German
94.7%
0.15%Japanese
90.3%
0.25%Italian
89.2%
0.31%Russian
89%
0.32%Arabic
81.8%
0.23%Portuguese
80.9%
0.05%Scandinavian Languages
76.8%
0.39%Korean
72.5%
0.22%Hindi
69.5%
0.21%Polish
69%
0.10%Greek
64.5%
Percentage of Americans Language % Correct
0.49%Vietnamese
62.9%
0.30%African Languages
54.4%
0.06%Thai
50%
0.07%Hebrew
49.5%
0.14%Farsi
46%
0.13%Urdu
38.8%
0.09%Serbo-Croatian
37%
0.55%Tagalog
35.5%
0.06%Navajo
31.6%
0.07%Khmer
30.2%
0.05%Lao
27%
0.06%Yiddish
24.7%
0.08%Armenian
16.3%
0.07%Hmong
9.8%
0.12%Gujarati
7.4%

You're not logged in!

Compare scores with friends on all Sporcle quizzes.
OR
Log In

Sporcle TV

Today on Sporcle TV


Watch our educational content, quiz creation guides, and fun videos on Sporcle TV.

Show Comments

Extras

Top Quizzes Today


Score Distribution

Your Account Isn't Verified!

In order to create a playlist on Sporcle, you need to verify the email address you used during registration. Go to your Sporcle Settings to finish the process.

Report this User

Report this user for behavior that violates our Community Guidelines.

Details: